[Event "Santo Domingo De La Madre op"]
[Site "Santo Domingo"]
[Date "2018.05.18"]
[Round "1"]
[White "Arias Diaz, Ernesto Antonio"]
[Black "Jimenez Abad, Monico Anastacio"]
[Result "1-0"]
[WhiteElo "1842"]
[BlackElo "1496"]
[PlyCount "59"]
[EventDate "2018.05.18"]
[EventType "swiss"]
[EventRounds "8"]
[EventCountry "DOM"]
[SourceTitle "CBM 184 Extra"]
[Source "ChessBase"]
[SourceDate "2018.06.28"]
[SourceVersion "1"]
[SourceVersionDate "2018.06.28"]
[SourceQuality "1"]

1. e4 e5 2. Nc3 Bc5 3. Qe2 Nf6 4. h3 a6 5. g3 d6 6. Bg2 Nc6 7. Nf3 h6 8. 0-0 Bd7 9. d3 Nh5 10. Kh2 0-0 11. Be3 Ba7 12. Nd2 Nf6 13. f4 Nd4 14. Bxd4 Bxd4 15. Nd1 Re8 16. Qf3 Bc6 17. Nf2 Qd7 18. Rad1 b5 19. g4 a5 20. Qg3 a4 21. a3 Re7 22. Bf3 Rae8 23. Rg1 Nh7 24. g5 hxg5 25. fxg5 Qe6 26. Qh4 Bd7 27. Ng4 Qg6 28. Nf6+ Nxf6 29. gxf6 Qh6 30. Qxh6 1-0

[Event "DOM-ch"]
[Site "Santo Domingo"]
[Date "2018.05.06"]
[Round "11"]
[White "Luna Zapata, Nidio Esteban"]
[Black "Arias Diaz, Ernesto Antonio"]
[Result "1/2-1/2"]
[WhiteElo "1937"]
[BlackElo "1842"]
[PlyCount "48"]
[EventDate "2018.04.20"]
[EventType "swiss"]
[EventRounds "11"]
[EventCountry "DOM"]
[SourceTitle "CBM 184 Extra"]
[Source "ChessBase"]
[SourceDate "2018.06.28"]
[SourceVersion "1"]
[SourceVersionDate "2018.06.28"]
[SourceQuality "1"]

1. d4 e6 2. Nf3 Nf6 3. Bg5 Be7 4. Nbd2 d5 5. e3 a6 6. Bd3 Nbd7 7. Qe2 c5 8. c3 b6 9. Rc1 Bb7 10. 0-0 h6 11. Bh4 Ne4 12. Bg3 0-0 13. Bc2 Ndf6 14. Ne5 Bd6 15. f3 Nxg3 16. hxg3 Rc8 17. Qd3 c4 18. Qe2 Qc7 19. f4 Ne4 20. Bxe4 dxe4 21. Ndxc4 b5 22. Nxd6 Qxd6 23. b3 Rc7 24. c4 f6 1/2-1/2

[Event "Santo Domingo Guzman Cup"]
[Site "Santo Domingo"]
[Date "2017.10.21"]
[Round "3"]
[White "Camacho Campusano, David Daniel"]
[Black "Arias Diaz, Ernesto Antonio"]
[Result "1/2-1/2"]
[WhiteElo "2146"]
[BlackElo "1835"]
[PlyCount "53"]
[EventDate "2017.10.20"]
[EventType "swiss"]
[EventRounds "8"]
[EventCountry "DOM"]
[SourceTitle "CBM 181 Extra"]
[Source "ChessBase"]
[SourceDate "2017.12.12"]
[SourceVersion "1"]
[SourceVersionDate "2017.12.12"]
[SourceQuality "1"]

1. e4 e5 2. Nf3 Nc6 3. d4 exd4 4. Bc4 Bc5 5. c3 d6 6. cxd4 Bb4+ 7. Bd2 Bxd2+ 8. Nbxd2 Nf6 9. 0-0 0-0 10. Re1 d5 11. Bd3 dxe4 12. Nxe4 h6 13. h3 Be6 14. a3 Nxe4 15. Bxe4 Bd5 16. Rc1 Bxe4 17. Rxe4 Qd5 18. Re3 Rad8 19. b4 b6 20. Qa4 b5 21. Qa6 Nxd4 22. Nxd4 Qxd4 23. Rxc7 Qf4 24. Rc1 Rd2 25. Rf1 Rxf2 26. Rxf2 Qxe3 27. Qxb5 1/2-1/2

[Event "DOM-ch"]
[Site "Santo Domingo"]
[Date "2016.04.02"]
[Round "3"]
[White "Araujo Sanchez, Josue"]
[Black "Arias Diaz, Ernesto Antonio"]
[Result "0-1"]
[WhiteElo "1758"]
[BlackElo "1873"]
[PlyCount "98"]
[EventDate "2016.04.01"]
[EventType "swiss"]
[EventRounds "11"]
[EventCountry "DOM"]
[SourceTitle "CBM 171 Extra"]
[Source "ChessBase"]
[SourceDate "2016.04.26"]
[SourceVersion "1"]
[SourceVersionDate "2016.04.26"]
[SourceQuality "1"]

1. d4 d5 2. Nf3 Nf6 3. g3 e6 4. Bg2 c5 5. c3 Nc6 6. 0-0 Be7 7. Bg5 cxd4 8. cxd4 0-0 9. Nc3 a6 10. Rc1 h6 11. Bf4 Bd7 12. Ne5 Nxe5 13. Bxe5 Bc6 14. Qb3 Qa5 15. h3 Rac8 16. Qd1 Nd7 17. Bf4 Nb6 18. h4 Nc4 19. b3 Nd6 20. Qd3 Nb5 21. Na4 Bb4 22. Rfd1 Nd6 23. Nc5 Bb5 24. Qc2 Qd8 25. Qb2 b6 26. Nd3 Bxd3 27. Rxd3 Nb5 28. Rxc8 Qxc8 29. Qb1 Qd7 30. a4 Na3 31. Qd1 Rc8 32. e4 Rc2 33. Qg4 dxe4 34. Rd1 f5 35. Qg6 Qf7 36. h5 Kf8 37. Qh7 Qxh5 38. Qh8+ Kf7 39. Rf1 Bf8 40. Ra1 Qe2 41. Be3 Ra2 42. Rxa2 Qxa2 43. Qh7 Qe2 44. Bf1 Qd1 45. Kg2 Nc2 46. Bf4 Ne1+ 47. Kg1 Qh5 48. Bc4 Nf3+ 49. Kf1 Qh1+ 0-1

[Event "Santo Domingo District"]
[Site "Santo Domingo"]
[Date "2016.03.13"]
[Round "4"]
[White "Arias Diaz, Ernesto Antonio"]
[Black "Pena Marcano, Jose Carlos"]
[Result "1-0"]
[WhiteElo "1882"]
[BlackElo "1895"]
[PlyCount "89"]
[EventDate "2016.03.11"]
[EventType "swiss"]
[EventRounds "7"]
[EventCountry "DOM"]
[SourceTitle "EXT 2017"]
[Source "ChessBase"]
[SourceDate "2016.10.25"]
[SourceVersion "1"]
[SourceVersionDate "2016.10.25"]
[SourceQuality "1"]

1. c4 c5 2. Nc3 a6 3. g3 Nc6 4. Nf3 b6 5. Bg2 Bb7 6. 0-0 e6 7. d3 h5 8. Bf4 Be7 9. Ne4 h4 10. Nd6+ Bxd6 11. Bxd6 h3 12. Bh1 Nd4 13. e4 Qf6 14. Nxd4 Qxd4 15. Bf4 Ne7 16. Be3 Qd6 17. d4 cxd4 18. Bxd4 e5 19. Be3 Qg6 20. Qc2 Rc8 21. Rac1 0-0 22. Rfd1 Qe6 23. Qe2 Ng6 24. b3 Rb8 25. c5 b5 26. Rd6 Qe7 27. Rcd1 Bc6 28. Qg4 a5 29. Qxh3 f6 30. Qg4 Qf7 31. h4 Rfd8 32. f4 exf4 33. gxf4 Ne7 34. f5 Kf8 35. Bf3 Ng8 36. Kh2 a4 37. b4 Qxa2+ 38. R1d2 Qb3 39. Bf4 Ra8 40. Qg6 Qf7 41. Qh7 Ne7 42. Qh8+ Qg8 43. Rxf6+ Ke8 44. Bh5+ Ng6 45. Qxg8+ 1-0